Statistiques concernant Remplissez les trous - Titres de jeux vidéo

Cliquez ici pour prendre le quiz!

Statistiques générales

  • Ce quiz a été pris 14 233 fois
  • Le résultat moyen est 15 sur 24

Statistiques - réponses

Jeux Vidéo% Correct
{Assassin}'s Creed
97%
Resident {Evil}
94%
Tomb {Raider}
92%
{Call} {of} {Duty}: Black Ops
91%
{Mortal} Kombat
91%
{Crash} Bandicoot
88%
{Donkey} Kong
87%
Rocket {League}
85%
{Grand} {Theft} {Auto}: Vice City
84%
{Sonic} the Hedgehog
79%
{Space} Invaders
77%
{Metal} {Gear} Solid
72%
{Pokemon} Diamond and Pearl
72%
Super Mario World 2: {Yoshi}'s Island
63%
The Legend of Zelda: {Twilight} Princess
61%
The {Elder} {Scrolls} V: Skyrim
60%
{Star} {Wars}: Knights of the Old Republic
51%
GoldenEye {007}
49%
{Tom} {Clancy}'s Splinter Cell
43%
{Ninja} Gaiden
35%
{Crazy} Taxi
33%
Mike Tyson's {Punch}-{Out}!!
21%
{Halo}: Combat Evolved
17%
{NBA} Jam
8%

Distribution des résultats

Percentile par nombre de réponses

% des personnes avec chaque résultat

Votre développement - résultats

Vous n’avez pas pris ce quiz